000 00876nam a2200265 i 4500
001 190643
003 ES-MaACL
005 20240125134858.0
008 220228s2005 sp 000 f spa
020 _a84-96284-97-2
080 _a821.133.1-31"19"
100 1 _aThibaux, Jean-Michel.
_9174248
245 1 3 _aEl misterio del Priorato de Sión /
_cJean-Michel Thibaux ; traducción de Juan Tafur.
250 _a1ª ed.
260 _aBarcelona :
_bRoca,
_c2005.
300 _a445 p. ;
_c23 cm.
490 1 _aMisterio
504 _aBibliografía: p. 442-445.
830 1 _aMisterio
_9225921
852 4 _aES-MaACL
_jA-14906
_9 197822
_bR.152321
_cDEPO1
_dOlim: N-7906
_hDonación: José Lázaro
_xEncuadernacion en cartone
903 _9234219
_aLázaro García, José
_ednr
942 _2udc
_cMONOGRAFIA
999 _c190643
_d190643